La escuela nueva

Guardat en:
Dades bibliogràfiques
Autor principal: Lourenco Filho, Manoel Bergstrom (autor)
Format: Llibre
Idioma:espanyol
Publicat: Santiago Nueva Era 1945
Matèries:
Etiquetes: Afegir etiqueta
Sense etiquetes, Sigues el primer a etiquetar aquest registre!

MARC

LEADER 00000nam a2200000 a 4500
001 UCY4381
003 CL-VaPUC
008 950310e19450000CL |||||||||||||||||spa|d
082 0 4 |a 370.1  |b LOU  |2 21 
100 |a Lourenco Filho, Manoel Bergstrom  |e autor  |9 472073 
245 1 3 |a La escuela nueva 
300 |a 207 p 
942 |c BK 
945 |d 19950310 00:00:00  |a rbrito 
260 |a Santiago  |b Nueva Era  |c 1945 
650 0 |a Educación  |9 258661 
650 0 |a Escuelas  |9 308582 
583 |a last modification  |c 19950310 00:00:00  |k Rodrigo Vera 
999 |c 232255  |d 232253 
952 |0 0  |1 0  |4 0  |6 370_100000000000000_LOU_1945  |7 0  |8 P  |9 236372  |a BIBEDU  |b BIBEDU  |c BIBEDU_PB  |d 2019-11-15  |i 3063534  |o 370.1 LOU 1945  |p 3063534  |r 2024-01-25  |w 2019-11-15  |y BK  |k EDU 
952 |0 0  |1 0  |4 0  |6 370_100000000000000_LOU_1945  |7 0  |8 P  |9 236373  |a BIBEDU  |b BIBEDU  |c BIBEDU_PB  |d 2019-11-15  |i 2010895  |o 370.1 LOU 1945  |p 2010895  |r 2024-01-25  |w 2019-11-15  |y BK  |k EDU